[Event "Lisbon Portugal rapid op"]
[White "Frois, Antonio"]
[Black "Calixto, Gabriel"]
[Site "Lisbon"]
[Round "1"]
[Result "1-0"]
[Date "2022.09.03"]
[WhiteElo "2257"]
[BlackElo "1579"]
[PlyCount "53"]
[EventDate "2022.09.03"]
[EventType "swiss (rapid)"]
[EventRounds "11"]
[EventCountry "POR"]
[SourceTitle "CBM 210 Extra"]
[Source "ChessBase"]
[SourceDate "2022.11.30"]
[SourceVersion "1"]
[SourceVersionDate "2022.11.30"]
[SourceQuality "1"]

1. Nf3 d5 2. g3 Bf5 3. Bg2 Nf6 4. 0-0 e6 5. c4 c6 6. b3 Be7 7. Bb2 0-0 8. d3 Nbd7 9. Nbd2 Rc8 10. Rc1 Re8 11. Rc2 b5 12. Nd4 bxc4 13. Nxf5 exf5 14. bxc4 Nb6 15. Rc1 c5 16. cxd5 Nbxd5 17. Nc4 f4 18. Qa4 Qc7 19. Be5 Qc6 20. Qxc6 Rxc6 21. Bxf6 Rxf6 22. Bxd5 Rd8 23. Bf3 g5 24. Rb1 Rd7 25. Rb8+ Kg7 26. Rfb1 fxg3 27. hxg3 1-0

[Event "POR-ch U16"]
[White "Soares, Joao Diogo Pedreiro"]
[Black "Calixto, Gabriel"]
[Site "Luso"]
[Round "6"]
[Result "1-0"]
[Date "2016.07.23"]
[WhiteElo "1788"]
[BlackElo "1554"]
[PlyCount "65"]
[EventDate "2016.07.20"]
[EventType "swiss"]
[EventRounds "7"]
[EventCountry "POR"]
[SourceTitle "EXT 2018"]
[Source "ChessBase"]
[SourceDate "2017.10.13"]
[SourceVersion "1"]
[SourceVersionDate "2017.10.13"]
[SourceQuality "1"]

1. e4 e5 2. Nf3 Nc6 3. Bc4 Bc5 4. 0-0 d6 5. h3 Be6 6. Bb5 a6 7. Ba4 Nf6 8. c3 0-0 9. d4 exd4 10. cxd4 Nxd4 11. Nxd4 Nxe4 12. Be3 Bc4 13. Re1 Bb4 14. Nd2 Nxd2 15. Bxd2 Bc5 16. Nf3 Qf6 17. Bc3 Qh6 18. Re4 Be6 19. Rh4 Qg6 20. Bc2 Bf5 21. Rg4 Bxg4 22. Bxg6 Bxf3 23. Bxh7+ Kxh7 24. Qxf3 b5 25. a3 Rad8 26. Rd1 Kg8 27. Rd5 Rfe8 28. Qg3 g6 29. Rh5 Kf8 30. Qg5 gxh5 31. Bg7+ Kg8 32. Bf6+ Kf8 33. Qg7# 1-0

[Event "POR-ch U16"]
[White "Silva, Ana Ines Teixeira D"]
[Black "Calixto, Gabriel"]
[Site "Luso"]
[Round "4"]
[Result "0-1"]
[Date "2016.07.22"]
[WhiteElo "1797"]
[BlackElo "1554"]
[PlyCount "108"]
[EventDate "2016.07.20"]
[EventType "swiss"]
[EventRounds "7"]
[EventCountry "POR"]
[SourceTitle "EXT 2018"]
[Source "ChessBase"]
[SourceDate "2017.10.13"]
[SourceVersion "1"]
[SourceVersionDate "2017.10.13"]
[SourceQuality "1"]

1. e4 e5 2. Nf3 Nc6 3. d4 exd4 4. Nxd4 Bc5 5. Nb3 Bb6 6. Nc3 Nf6 7. Qe2 d6 8. Be3 h6 9. 0-0-0 0-0 10. h3 Re8 11. Nd2 Qe7 12. g4 Ba5 13. Nd5 Nxd5 14. exd5 Ne5 15. Nc4 Bb6 16. Nxb6 axb6 17. a3 Bd7 18. Bg2 Ng6 19. Qd2 Bb5 20. Rde1 Qf6 21. Bd4 Qf4 22. Be3 Qf6 23. Bf1 Rxa3 24. Qb4 Ra1+ 25. Kd2 Rxe1 26. Qxb5 R8xe3 27. fxe3 Qf2+ 28. Kc3 Qxe3+ 29. Qd3 Qxd3+ 30. Kxd3 Ne5+ 31. Kc3 g5 32. Bg2 Rxh1 33. Bxh1 Kg7 34. Kd4 Ng6 35. Ke4 Kf6 36. Bg2 Nf4 37. Bf1 Kg6 38. h4 h5 39. Kf3 Nxd5 40. hxg5 hxg4+ 41. Ke4 Ne7 42. Kf4 g3 43. Bg2 c6 44. Be4+ Kh5 45. Bf3+ Kh4 46. Bg2 Nd5+ 47. Kf3 b5 48. Bh1 Nb4 49. c3 Nd3 50. Ke4 Ne1 51. Kf5 g2 52. Bxg2 Nxg2 53. Kf6 Ne3 54. Kxf7 Kxg5 0-1